Historia del hipismo dominicano / (Registro nro. 13343)

Detalles MARC
000 -LIDER
fixed length control field 01063nam a22003137a 4500
003 - IDENTIFICACDOR DE NÚMERO DE CONTROL
control field DO-SdBNP
005 - DATE AND TIME OF LATEST TRANSACTION
control field 20210526104646.0
008 - ELEMENTOS DE LONGITUD FIJA
fixed length control field 180302b 2007 dr 00| 0 spa d
020 ## - ISBN
International Standard Book Number 9789945858112 (v.2)
040 ## - FUENTE DE CATALOGACIÓN
Agencia que crea de manera original el registro BPMSU
Idioma de catalogación spa
Agencia que realiza la transcripción BPMSU
082 ## - NÚMERO DE CLASIFICACIÓN DECIMAL DE DEWEY
Classification number 798.4097293
Item number M534h
Edition number 22
092 ## - LOCALLY ASSIGNED DEWEY DECIMAL CALL NUMBER
Número de clasificación
Número de edición 22
100 1# - ASIENTO PRINCIPAL -- NOMBRE PERSONAL
Nombre personal Mena García, Luis,
Fechas asociadas con el nombre 1940-
245 10 - MENCIÓN DE TITULO
Título Historia del hipismo dominicano /
Mención de responsabilidad Luis Mena García ; prólogo César Daniel Medina Núñez ; introducción Luis Fernández.
246 14 - VARIACION DEL TÍTULO
Título propiamente dicho o título corto Excelencia histótica del hipismo dominicano 1960-2005
250 ## - MENCIÓN DE EDICION
Mención de edición
260 ## - PUBLICACIÓN, DISTRIBUCIÓN, ETC. (PIE DE IMPRENTA)
Lugar de publicación, distribución, etc Santo Domingo :
Nombre del editor, distribuidor, etc. Centro Arte Uribe,
Fecha de publicación, distribución, etc 2007.
300 ## - DESCRIPCIÓN FÍSICA
Extensión v. :
Otros detalles físicos il ;
Dimensiones 22 cm.
500 ## - NOTA GENERAL
Nota general
500 ## - NOTA GENERAL
Nota general Incluye referencias bibliográficas.
505 ## - NOTA DE CONTENIDO
Información miscelánea t.2
Título 1960-2005.
610 #4 - ENCABEZAMIENTO DE MATERIA--NOMBRE CORPORATIVO
Nombre corporativo o de jurisdicción Hipódromo Perla Antillana (República Dominicana)
650 #4 - ENCABEZAMIENTO DE MATERIA--TEMÁTICO
Término temático o nombre geográfico como elemento de entrada Carreras de caballos
Subdivisión temática general Historia
Subdivisión cronológica 1960-2005
Subdivisión geográfica República Dominicana
700 12 - ASIENTO SECUNDARIO -- NOMBRE PERSONAL
Nombre personal Fernández, Luis,
Mención de responsabilidad introd.
700 12 - ASIENTO SECUNDARIO -- NOMBRE PERSONAL
Nombre personal Medina Núñez, César,
Mención de responsabilidad pról.
910 ## - VALIDACIÓN
Validación VMateo
942 ## - ADDED ENTRY ELEMENTS (KOHA)
Source of classification or shelving scheme Dewey Decimal Classification
Koha item type Libros
945 ## - INFORMACIÓN DE PROCESAMIENTO LOCAL
Información de procesamiento local
Existencias
Withdrawn status Lost status Source of classification or shelving scheme Damaged status Not for loan Collection code Home library Current library Date acquired Source of acquisition Total Checkouts Full call number Barcode Date last seen Copy number Price effective from Koha item type
    Dewey Decimal Classification     Colección Dominicana Biblioteca Pública Metropolitana Salomé Ureña Biblioteca Pública Metropolitana Salomé Ureña 03/02/2018 Compra   BPMSU CD 798.4097293 M534h 2007 BPMSU18030003 03/02/2018 v.2 03/02/2018 Libros
    Dewey Decimal Classification     Colección Dominicana Biblioteca Pública Metropolitana Salomé Ureña Biblioteca Pública Metropolitana Salomé Ureña 03/02/2018 Compra   BPMSU CD 798.4097293 M534h 2007 BPMSU18030004 03/02/2018 v.2, e.2 03/02/2018 Libros